| 000 | 00738nam a2200217 i 4500 | ||
|---|---|---|---|
| 001 | 134872 | ||
| 003 | ES-MaACL | ||
| 005 | 20250814065128.0 | ||
| 007 | t| | ||
| 008 | 070629s1966 sp ||||1| spa d | ||
| 080 | _a338(075.8) | ||
| 100 | 1 |
_aThomas, Richard Samuel. _9110045 |
|
| 245 | 1 | 0 |
_aGeografía de la actividad económica / _cintroducción a un estudio mundial por Richard S. Thomas ; traducido y revisado por Rafael Cremades Cepa. |
| 250 | _aEd. corr. y puesta al día. | ||
| 260 |
_aMadrid : _bCastillo, _c[1966] |
||
| 300 |
_a610 p. : _bil. ; _c24 cm. |
||
| 650 | 1 | 7 |
_aGeografía económica _2embne _913077 |
| 700 | 1 |
_aCremades Cepa, Rafael. _941484 |
|
| 852 |
_aES-MaACL _jC-31055 _bR.61350 |
||
| 999 |
_c134872 _d134872 |
||